Guess the Taylor Swift Song (no hints) 67 - Statistics

General Stats
  • This quiz has been taken 113 times
  • The average score is 222 of 331
Answer Stats
Answer % Correct
I
100%
a
99%
the
99%
The
99%
my,
93%
my
93%
you,
93%
you
93%
And
92%
and
92%
me
91%
we
91%
We
91%
be
89%
in
89%
It
88%
on
88%
to
87%
were
87%
we're
87%
of
86%
was
84%
Was
84%
your
84%
Like
82%
Like,
82%
said,
80%
"Oh
79%
"Oh,
79%
what
79%
that
78%
at
76%
he
76%
He
76%
so
76%
night,
74%
night
74%
when
74%
If
71%
never
71%
made
70%
how
66%
one
66%
would
66%
best
64%
dancing,
62%
dancing
62%
"Don't
61%
Don't
61%
starlight
61%
starlight,
61%
up
61%
Can't
59%
can't
59%
with
58%
could
57%
forget
57%
out
57%
see
57%
Have
55%
marvelous
55%
tune"
55%
things
54%
things"
54%
whole
53%
place
51%
dressed
50%
"Look
50%
moved
50%
get
49%
You'll
49%
he's
46%
summer
45%
about
43%
dream
43%
nines
43%
'45
41%
into
41%
met
41%
impossible
38%
way"
37%
crazy
36%
remember
36%
dreams
34%
walked
34%
wild,
33%
wild
33%
boardwalk
32%
'em
32%
kids
32%
life
32%
married
32%
teach
32%
ten
32%
thinking
32%
Bobby
30%
much
30%
prince
30%
change
29%
keep
29%
party
29%
song
29%
Ooh,
28%
ooh
28%
playing
28%
Pretending
28%
running
28%
seventeen
28%
talking
28%
Picked
26%
saying
26%
snuck
26%
worrying
26%
yacht
26%
club
25%
window
25%
blues
24%
duchess
24%
late
24%
spend
24%
singing
22%
ocean
20%
rocks
20%
skip
20%
tryna
17%
No matching quizzes found
Score Distribution
Percent of People with Each Score
Percentile by Number Answered
Your Score History
You have not taken this quiz